Score 0/12 Timer 01:30
4 Plays Today
% Correct
Soufflé
95.7%
Soupe à L’oignon
92.3%
Bouillabaisse
91.6%
Ratatouille
91%
Cassoulet
89.7%
Pot-au-feu
89.4%
Moules Marinières
88.1%
Tartare
83.2%
Tartiflette
82.5%
Aligot
60.1%
Piperade
45.4%
Garbure
40%

Today's Daily Dose

You're not logged in!

Compare scores with friends on all Sporcle quizzes.
OR
Log In

Sporcle TV

Today on Sporcle TV


Watch our educational content, quiz creation guides, and fun videos on Sporcle TV.

Show Comments

Extras

Top Quizzes Today


Score Distribution

Your Account Isn't Verified!

In order to create a playlist on Sporcle, you need to verify the email address you used during registration. Go to your Sporcle Settings to finish the process.

Report this User

Report this user for behavior that violates our Community Guidelines.

Details: